Santa Bernardita / (Record no. 146910)

MARC details
000 -LEADER
campo de control de longitud fija 00772nam a2200217 i 4500
001 - NÚMERO DE CONTROL
campo de control 146910
003 - IDENTIFICADOR DE NÚMERO DE CONTROL
campo de control ES-MaACL
005 - FECHA Y HORA DE LA ÚLTIMA TRANSACCIÓN
campo de control 20230906201728.0
007 - CAMPO FIJO DE DESCRIPCIÓN FÍSICA--INFORMACIÓN GENERAL
campo de control de longitud fija t|
008 - DATOS DE LONGITUD FIJA--INFORMACIÓN GENERAL
campo de control de longitud fija 070919s1957 sp ao |||| |bspa d
080 ## - NÚMERO DE LA CLASIFICACIÓN DECIMAL UNIVERSAL
Número de la Clasificación Decimal Universal 929 Bernadette Soubirous, Santa
100 1# - ENTRADA PRINCIPAL--NOMBRE DE PERSONA
Nombre de persona Trochu, Francis.
9 (RLIN) 111475
245 10 - MENCIÓN DEL TÍTULO
Título Santa Bernardita /
Mención de responsabilidad, etc. texto, Francis Trochu ; presentación, Pierre Marie Théas ; versión y epílogo, Andrés E. de Manaricúa ; fotografías, Leonard von Matt.
260 ## - PUBLICACIÓN, DISTRIBUCIÓN, ETC.
Lugar de publicación, distribución, etc. [Bilbao] :
Nombre del editor, distribuidor, etc. Desclée de Brouwer,
Fecha de publicación, distribución, etc. 1957.
300 ## - DESCRIPCIÓN FÍSICA
Extensión 297 p. :
Otras características físicas il. ;
Dimensiones 24 cm.
600 14 - PUNTO DE ACCESO ADICIONAL DE MATERIA--NOMBRE DE PERSONA
Nombre de persona Bernadette Soubirous
Títulos y otros términos asociados al nombre Santa.
9 (RLIN) 163489
700 1# - ENTRADA AGREGADA--NOMBRE PERSONAL
Nombre de persona Théas, Pierre Marie.
9 (RLIN) 109882
700 1# - ENTRADA AGREGADA--NOMBRE PERSONAL
Nombre de persona Manaricúa, Andrés E. de.
9 (RLIN) 213056
852 ## - LOCALIZACIÓN
Ubicación ES-MaACL
Número de control de estantería C-13253
Holdings
Estatus retirado Estado de pérdida Estado de daño No para préstamo Biblioteca de origen Biblioteca actual Ubicación en estantería Fecha de adquisición Fuente de adquisición Total de préstamos Signatura topográfica completa Código de barras Visto por última vez Precio de reemplazo Tipo de ítem Koha
        Biblioteca del Ateneo de Madrid Biblioteca del Ateneo de Madrid Sala Palomar 17/01/2008     C-13253 1153322 23/02/2023 23/02/2023 Libro impreso